| 000 | 00680nam a2200229 a 4500 | ||
|---|---|---|---|
| 001 | 50272 | ||
| 003 | BD-RjUL | ||
| 005 | 20211209075502.0 | ||
| 008 | 160824s1966 enk b 001 0 eng d | ||
| 035 | _a(BD-RjUL)A419 | ||
| 040 |
_aBD-RjUL _beng _cBD-RjUL _dBD-RjUL |
||
| 041 | _aeng | ||
| 082 |
_a420 _bSME 1966 |
||
| 100 | 1 |
_aSmith, Logan Pearsall, _d1865-1946. _9150573 |
|
| 245 | 1 | 4 |
_aThe English language / _cLogan Pearsall Smith |
| 250 | _a3rd ed | ||
| 260 |
_aOxford University Press : _bLondon, _cc1966 |
||
| 300 |
_av, 137 p. ; _c17 cm. |
||
| 650 | 0 |
_aEnglish language _9150574 |
|
| 830 | 0 |
_aHome university library of modern knowledge. _9125380 |
|
| 942 |
_2ddc _cBK _01 |
||
| 999 |
_c50272 _d50272 |
||